Life Cycle
Record details
- ISBN: 9780007336401
-
Physical Description:
print
Paperback - Publisher: London Harper Collins Publishers Limited 2011
Search for related items by subject
| Subject: | Life Cycle |
Available copies
- 20 of 20 copies available at Headquarters.
| Location | Call Number / Copy Notes | Barcode | Shelving Location | Status | Due Date |
|---|---|---|---|---|---|
| Airport Children Library | 201 j418.4/MOR | 000001468779 | 400 - Languages, Grammar, Dictionaries, Thesaurus | Available | - |
| Airport Children Library | 201 j418.4/MOR | 000001468786 | 400 - Languages, Grammar, Dictionaries, Thesaurus | Available | - |
| Airport Children Library | 201 j418.4/MOR | 000001468793 | 400 - Languages, Grammar, Dictionaries, Thesaurus | Available | - |
| Airport Children Library | 201 j418.4/MOR | 000001468809 | 400 - Languages, Grammar, Dictionaries, Thesaurus | Available | - |
| Airport Children Library | 201 j418.4/MOR | 000001468816 | 400 - Languages, Grammar, Dictionaries, Thesaurus | Available | - |
| Airport Children Library | 201 j418.4/MOR | 000001468823 | 400 - Languages, Grammar, Dictionaries, Thesaurus | Available | - |
| Airport Children Library | 201 j418.4/MOR | 000001468830 | 400 - Languages, Grammar, Dictionaries, Thesaurus | Available | - |
| Airport Children Library | 201 j418.4/MOR | 000001468847 | 400 - Languages, Grammar, Dictionaries, Thesaurus | Available | - |
| Airport Children Library | 201 j418.4/MOR | 000001468854 | 400 - Languages, Grammar, Dictionaries, Thesaurus | Available | - |
| Airport Children Library | 201 j418.4/MOR | 000001468861 | 400 - Languages, Grammar, Dictionaries, Thesaurus | Available | - |
No reviews or recommendations are currently available.
Select a content type above to view it.
Loading shelf browser…
| LDR | 00620cam a2200205Ka 4500 | ||
|---|---|---|---|
| 001 | 77085 | ||
| 003 | HQ | ||
| 005 | 20210222143540.0 | ||
| 008 | 070101s xxka e 1 eng d | ||
| 020 | . | ‡a9780007336401 | |
| 037 | . | ‡aGOG | |
| 082 | . | ‡aj418.4/MOR | |
| 100 | . | ‡aMorgan Sally | |
| 245 | . | ‡aLife Cycle | |
| 260 | . | ‡aLondon ‡bHarper Collins Publishers Limited ‡c2011 | |
| 300 | . | ‡aPaperback | |
| 650 | . | ‡aLife Cycle | |
| 901 | . | ‡a77085 ‡bAUTOGEN ‡c77085 ‡tbiblio | |